Manchester United First Team 1997-1998 Quiz Stats

Quiz not verified by Sporcle

Challenge
Share
Tweet
Embed
Score 0/34 Timer 06:00
0 Plays Today
Squad Number Player % Correct
2Gary Neville
97.9%
12Phil Neville
97.9%
11Ryan Giggs
97.4%
7David Beckham
96.9%
3Denis Irwin
96.4%
9Andy Cole
95.9%
1Peter Schmeichel
95.3%
8Nicky Butt
92.7%
10Teddy Sheringham
92.7%
18Paul Scholes
92.7%
16Roy Keane
92.2%
20Ole Gunnar Solskjaer
88.6%
6Gary Pallister
85.5%
5Ronny Johnsen
83.9%
4David May
82.4%
17Raimond Van Der Gouw
75.6%
14Jordi Cruyff
73.1%
Squad Number Player % Correct
21Henning Berg
69.4%
15Karel Poborsky
63.7%
35Wes Brown
60.1%
13Brian McClair
57%
37Jonathan Greening
50.8%
32Michael Clegg
47.2%
23Ben Thornley
42.5%
22Erik Nevland
42%
25Kevin Pilkington
41.5%
26Chris Casper
40.9%
31John Curtis
40.9%
30Ronnie Wallwork
40.4%
33Nick Culkin
34.7%
38Danny Higginbotham
28.5%
28Phil Mulryne
27.5%
34Michael Twiss
25.9%
36Alex Notman
23.3%

You're not logged in!

Compare scores with friends on all Sporcle quizzes.
Sign Up with Email
OR
Log In

You Might Also Like...

Show Comments

Extras

Top Quizzes Today


Score Distribution

Your Account Isn't Verified!

In order to create a playlist on Sporcle, you need to verify the email address you used during registration. Go to your Sporcle Settings to finish the process.